000 00638nam a2200277Ia 4500
005 20260324145920.0
008 008 260324s9999 xx 000 0 eng d
020 _a9781003434825
037 _aEBOOK
040 _aCRL
040 _beng
040 _cCRL
041 _2eng
041 _aeng
084 _qCRL
100 _aWilliam A. Rossi
_91224641
245 4 _aThe Sex Life of the Foot and Shoe
260 _bTaylor and Francis
260 _c1977
365 _a
365 _b160
856 _uhttp://www.taylorfrancis.com/books/9781003434825
942 _cEBOOK
999 _c1833215
_d1833215